<?xml version="1.0" encoding="UTF-8"?><?xml-stylesheet type="text/xsl" href="static/style.xsl"?><OAI-PMH xmlns="http://www.openarchives.org/OAI/2.0/" xmlns:xsi="http://www.w3.org/2001/XMLSchema-instance" xsi:schemaLocation="http://www.openarchives.org/OAI/2.0/ http://www.openarchives.org/OAI/2.0/OAI-PMH.xsd"><responseDate>2026-04-17T12:10:02Z</responseDate><request verb="GetRecord" identifier="oai:www.recercat.cat:20.500.14342/2101" metadataPrefix="marc">https://recercat.cat/oai/request</request><GetRecord><record><header><identifier>oai:recercat.cat:20.500.14342/2101</identifier><datestamp>2025-03-11T20:25:09Z</datestamp><setSpec>com_2072_482405</setSpec><setSpec>com_2072_183628</setSpec><setSpec>col_2072_482411</setSpec></header><metadata><record xmlns="http://www.loc.gov/MARC21/slim" xmlns:dcterms="http://purl.org/dc/terms/" xmlns:xsi="http://www.w3.org/2001/XMLSchema-instance" xmlns:doc="http://www.lyncode.com/xoai" xsi:schemaLocation="http://www.loc.gov/MARC21/slim http://www.loc.gov/standards/marcxml/schema/MARC21slim.xsd">
   <leader>00925njm 22002777a 4500</leader>
   <datafield ind2=" " ind1=" " tag="042">
      <subfield code="a">dc</subfield>
   </datafield>
   <datafield ind2=" " ind1=" " tag="720">
      <subfield code="a">Garcia Sala, Laia</subfield>
      <subfield code="e">author</subfield>
   </datafield>
   <datafield ind2=" " ind1=" " tag="720">
      <subfield code="a">Pacheco Pérez, Meritxell</subfield>
      <subfield code="e">author</subfield>
   </datafield>
   <datafield ind2=" " ind1=" " tag="260">
      <subfield code="c">2010</subfield>
   </datafield>
   <datafield ind2=" " ind1=" " tag="520">
      <subfield code="a">En este estudio partimos de un posicionamiento constructivista relacional (Botella, Herrero, Pacheco y Corbella, 2004) y de la Teoría del Apego (Bowlby, 1969) para el análisis del apego adulto y de su relación con la construcción de la identidad de una mujer de treinta y cinco años (Sara), adoptada a los tres. Es una investigación metodológicamente plural, puesto que incluye tanto metodologías cuantitativas como cualitativas. Analizamos una narrativa de identidad de Sara, mediante el método cualitativo de Grounded Theory  (Glaser y Strauss, 1967). Administramos también el cuestionario ECR-S (Alonso-Arbiol, Balluerka y Shaver, 2007) para evaluar el apego adulto y la Rejilla de Constructos Personales (Kelly, 1955/1991) referida a la construcción del sí mismo (Butt, Burr y Bell, 1997) analizada mediante el programa RECORD (Feixas y Cornejo, 1996). Los resultados confirman la literatura previa (por ejemplo, Grosso y Nagliero, 2004; Negre, Forns y Freixa, 2007) y muestran una reconstrucción positiva en el modelo de funcionamiento interno de Sara, a partir de la resolución de dudas sobre su origen biológico. Los resultados del análisis de la Rejilla confirman que las características del patrón de apego con la madre y con el padre no tienen por qué ser similares y que una mujer puede construir su posicionamiento como madre a partir de la relación con su padre. También indican la presencia de conflictos cognitivos en la construcción de la identidad. Los resultados se discuten a la luz de investigaciones previas.</subfield>
   </datafield>
   <datafield ind1="8" ind2=" " tag="024">
      <subfield code="a">http://hdl.handle.net/20.500.14342/2101</subfield>
   </datafield>
   <datafield tag="653" ind2=" " ind1=" ">
      <subfield code="a">Afectivitat</subfield>
   </datafield>
   <datafield tag="653" ind2=" " ind1=" ">
      <subfield code="a">Adopció -- Aspectes psicològics</subfield>
   </datafield>
   <datafield ind2="0" ind1="0" tag="245">
      <subfield code="a">Apego adulto en mujeres adoptadas: un estudio de caso sobre su relación con la construcción de la identidad</subfield>
   </datafield>
</record></metadata></record></GetRecord></OAI-PMH>